000 00520nam a2200193Ia 4500
005 20240731063847.0
008 240331s9999 xx 000 0 und d
020 _a8173042462
082 _bFEM
_a291.5
245 4 _aThe Feminine Sacred in South Asia :
_bLe sacre au feminin en asie du sud
260 _aNew Delhi
_bManohar Publishers & Distributors
_c1999
300 _a147 p .,
650 _aGender
650 _aCaste
650 _aWomen
650 _aRituals
700 _aLyche- Tambs, Harald
_eedt
942 _cL
999 _c1372
_d1372